000 00800nam a2200229Ii 4500
003 JO-AjNU
008 230605s9999||||xx |||||||||||||| ||und||
017 _a2003/7/1488
020 _a9957-11-396-8
040 _aJO-AjNU
_bara
_erda
_cJO-AjNU
041 _aara
050 1 4 _aHF5415.13.U237.2010
100 3 _aعبيدات، محمد ابراهيم,
_eauthor
_945156
245 0 0 _aتطوير المنتجات الجديدة:مدخل سلوكي
250 _aط4
264 3 1 _aعمان:دار وائل للنشر والتوزيع؛2010
300 _a382ص
_bيحتوي على ببلوغرافية من ص380-382ص
336 _atext
_btxt
_2rdacontent
337 _aunmediated
_bn
_2rdamedia
338 _avolume
_bnc
_2rdacarrier
650 4 _aالتسويق-تطوير المنتجات
_945157
999 _aA19553
_c23121
_d23121